000 00764nam a2200229 a 4500
001 BRCA_6417
005 20190320205439.0
008 200911s1883----gw-ac#####---#000-0#ger-#
041 _ager
044 _agw
050 4 _aPZ3
_b.B75 2 1883
100 1 _aTwain, Mark
_d1835-1910
_q(Samuel L. Clemens)
_914927
245 1 0 _aSketches
_cby Mark Twain.
260 _aLeipzig, Alemania
_bBernhard Tauchnitz
_c1883
300 _a351 p.
_bil., retratos
_c16 cm.
440 0 _aCollection of British authors. Tauchnitz edition
_vv. 2162
_916039
500 _aVer tambiƩn CEF6, H144, L15, L16, L17, L18, L19, L20, L22, L23, L24, L25, L26, L27, L32, L166, N9, N11, N12, N13 y N17
500 _aL2
650 1 4 _aLiteratura inglesa
_916040
902 _aGFM
942 _2lcc
_cB
999 _c6102
_d6102